[Event "IECC Y2KO email"]
[Site "IECC email"]
[Date "1999.10.14"]
[Round "?"]
[White "Gurov, Sergey"]
[Black "Miller, Roger"]
[Result "0-1"]
[WhiteElo "1237"]
[BlackElo "1856"]
[PlyCount "52"]
[EventDate "1999.??.??"]
[EventType "tourn (corr)"]
[EventRounds "2"]
[SourceTitle "Corr 2008"]
[Source "ChessBase"]
[SourceDate "2008.06.24"]
[SourceVersion "1"]
[SourceVersionDate "2008.06.24"]
[SourceQuality "1"]

1. e4 d5 2. exd5 Qxd5 3. Nc3 Qa5 4. d4 Nf6 5. Nf3 Bf5 6. Bc4 c6 7. Bd2 Qc7 8. Ne5 e6 9. 0-0 Bd6 10. Re1 0-0 11. h3 Nbd7 12. Nxd7 Nxd7 13. Ne4 Bxe4 14. Rxe4 c5 15. dxc5 Bh2+ 16. Kh1 Nxc5 17. Rh4 Be5 18. Qh5 h6 19. Bxh6 gxh6 20. Qxh6 f5 21. Bxe6+ Nxe6 22. Qxe6+ Rf7 23. Qg6+ Bg7 24. c3 Qe7 25. Qh7+ Kf8 26. Rh5 Qc5 0-1

[Event "IECC KO email"]
[Site "IECC email"]
[Date "1999.10.11"]
[Round "?"]
[White "Smyth, Peter"]
[Black "Gurov, Sergey"]
[Result "1/2-1/2"]
[WhiteElo "1356"]
[BlackElo "1263"]
[PlyCount "47"]
[EventDate "1999.??.??"]
[EventType "tourn (corr)"]
[EventRounds "6"]
[SourceTitle "Corr 2008"]
[Source "ChessBase"]
[SourceDate "2008.06.24"]
[SourceVersion "1"]
[SourceVersionDate "2008.06.24"]
[SourceQuality "1"]

1. b3 e5 2. Bb2 Nc6 3. e3 d5 4. Bb5 Bd6 5. c4 dxc4 6. bxc4 Bd7 7. d4 exd4 8. exd4 Bb4+ 9. Nc3 a6 10. Bxc6 Bxc6 11. d5 Bd7 12. Qb3 Qe7+ 13. Nge2 Nf6 14. a3 Bxc3+ 15. Bxc3 0-0-0 16. Rb1 b6 17. Rb2 Rhe8 18. 0-0 Qd6 19. Bb4 Qe5 20. Bc3 Qd6 21. Bb4 Qe5 22. Re1 Ba4 23. Qc3 Qxc3 24. Bxc3 1/2-1/2

[Event "IECC CL6-1999.23"]
[Site "IECC email"]
[Date "1999.09.25"]
[Round "?"]
[White "Gurov, Sergey"]
[Black "Pascute, Bruce"]
[Result "1-0"]
[WhiteElo "1236"]
[BlackElo "1350"]
[PlyCount "89"]
[EventDate "1999.??.??"]
[EventType "tourn (corr)"]
[EventRounds "4"]
[SourceTitle "Corr 2008"]
[Source "ChessBase"]
[SourceDate "2008.06.24"]
[SourceVersion "1"]
[SourceVersionDate "2008.06.24"]
[SourceQuality "1"]

1. e4 e5 2. Nf3 Nc6 3. Bb5 a6 4. Bxc6 dxc6 5. 0-0 f6 6. d4 exd4 7. Nxd4 c5 8. Ne2 Bd6 9. Bf4 Ne7 10. Bxd6 cxd6 11. Nbc3 0-0 12. Qd3 Qb6 13. b3 Bd7 14. Nd5 Nxd5 15. Qxd5+ Rf7 16. Rfd1 Rd8 17. Qxd6 Qa7 18. Rd2 Re8 19. Ng3 Bc6 20. Rad1 Qb6 21. c4 Rd7 22. Qf4 Rxd2 23. Rxd2 Qa5 24. f3 b5 25. Qd6 Qb6 26. cxb5 axb5 27. Nf5 c4+ 28. Kf1 c3 29. Rd3 b4 30. Nd4 Kh8 31. Ke2 Rc8 32. Nxc6 c2 33. Qd7 Ra8 34. Nd8 c1N+ 35. Kf1 h6 36. Nf7+ Kg8 37. Nxh6+ gxh6 38. Rd6 Qa7 39. Qc6 Nxb3 40. Qd5+ Qf7 41. Qxf7+ Kxf7 42. axb3 Ra3 43. Rd3 Ke6 44. Kf2 h5 45. Kg3 1-0

[Event "IECC TH-M email"]
[Site "IECC email"]
[Date "1999.04.11"]
[Round "?"]
[White "Gurov, Sergey"]
[Black "Medairy, Chuck"]
[Result "1-0"]
[WhiteElo "1154"]
[BlackElo "1431"]
[PlyCount "79"]
[EventDate "1999.??.??"]
[EventType "match (corr)"]
[EventRounds "2"]
[SourceTitle "Corr 2008"]
[Source "ChessBase"]
[SourceDate "2008.06.24"]
[SourceVersion "1"]
[SourceVersionDate "2008.06.24"]
[SourceQuality "1"]

1. e4 e5 2. Nf3 Nc6 3. Bb5 f5 4. Nc3 fxe4 5. Nxe4 Be7 6. d4 exd4 7. 0-0 d5 8. Ng3 Bg4 9. h3 Bxf3 10. Qxf3 Qd7 11. Nf5 0-0-0 12. Nxd4 Kb8 13. Bxc6 bxc6 14. Qf7 Bf6 15. Qxd7 Rxd7 16. Nxc6+ Kb7 17. Nb4 Ne7 18. Nd3 Rdd8 19. Bd2 Nf5 20. Rae1 Rhe8 21. c3 Nd6 22. Rxe8 Rxe8 23. Re1 Rxe1+ 24. Bxe1 a5 25. Bd2 Kc6 26. g4 Kb5 27. g5 Be7 28. f3 a4 29. Kf2 a3 30. bxa3 Nc4 31. Bc1 Bxa3 32. h4 Bxc1 33. Nxc1 Na3 34. f4 Kc5 35. Ke3 Kd6 36. Nd3 Nb1 37. Kd4 Na3 38. Ne1 c5+ 39. Kd3 Ke6 40. Ng2 1-0

[Event "IECC TH-M email"]
[Site "IECC email"]
[Date "1999.04.11"]
[Round "?"]
[White "Medairy, Chuck"]
[Black "Gurov, Sergey"]
[Result "1/2-1/2"]
[WhiteElo "1428"]
[BlackElo "1086"]
[PlyCount "49"]
[EventDate "1999.??.??"]
[EventType "match (corr)"]
[EventRounds "2"]
[SourceTitle "Corr 2008"]
[Source "ChessBase"]
[SourceDate "2008.06.24"]
[SourceVersion "1"]
[SourceVersionDate "2008.06.24"]
[SourceQuality "1"]

1. e4 e5 2. Nf3 Nc6 3. Bb5 a6 4. Ba4 Nf6 5. 0-0 Be7 6. Re1 b5 7. Bb3 d6 8. c3 0-0 9. h3 Na5 10. Bc2 c5 11. d4 cxd4 12. cxd4 Bb7 13. Nbd2 exd4 14. Nxd4 Re8 15. Nf5 Bf8 16. b3 g6 17. Nd4 Bg7 18. Bb2 Nc6 19. Nxc6 Bxc6 20. Rc1 Bb7 21. Bd3 Rc8 22. Rxc8 Qxc8 23. Nf3 d5 24. exd5 Rxe1+ 25. Qxe1 1/2-1/2

[Event "IECC KO email"]
[Site "IECC email"]
[Date "1999.04.02"]
[Round "?"]
[White "Wallace, Richard"]
[Black "Gurov, Sergey"]
[Result "0-1"]
[WhiteElo "1122"]
[BlackElo "1067"]
[PlyCount "26"]
[EventDate "1999.??.??"]
[EventType "tourn (corr)"]
[EventRounds "6"]
[SourceTitle "Corr 2008"]
[Source "ChessBase"]
[SourceDate "2008.06.24"]
[SourceVersion "1"]
[SourceVersionDate "2008.06.24"]
[SourceQuality "1"]

1. e4 c5 2. e5 Nc6 3. Bc4 Nxe5 4. d4 Nxc4 5. Bf4 Nxb2 6. Qd2 e6 7. Na3 Qb6 8. Qc3 cxd4 9. Qxb2 Qxb2 10. Rd1 Bxa3 11. Bc1 Bb4+ 12. Ke2 Qxc2+ 13. Kf1 Qxd1# 0-1